Az X, Y és Z generációk olvasási szokásai és a könyvtárak szerepe a közművelődésben
| Szerző: | |
|---|---|
| További közreműködők: | |
| Dokumentumtípus: | Diplomadolgozat |
| Kulcsszavak: | könyv könyvtár olvasási szokás olvasásszociológia Z generáció |
| Online Access: | http://dolgozattar.uni-bge.hu/59550 |
MARC
| LEADER | 00000nta a2200000 i 4500 | ||
|---|---|---|---|
| 001 | dolg59550 | ||
| 005 | 20260409145222.0 | ||
| 008 | 260409suuuu hu om 000 hun d | ||
| 040 | |a BGE Dolgozattár Repozitórium |b hun | ||
| 041 | |a hu | ||
| 100 | 1 | |a Tóth Emma | |
| 245 | 1 | 3 | |a Az X, Y és Z generációk olvasási szokásai és a könyvtárak szerepe a közművelődésben |c Tóth Emma |h [elektronikus dokumentum] |
| 520 | 3 | |a Szakdolgozatom témája az X, Y és Z generációk olvasási szokásainak kutatása, illetve a könyvtárak szerepének bemutatása a kultúraközvetítésben, a kisvárosi könyvtárak helyzetének feltárását is feltérképezve. Témaválasztásomat több indok is alátámasztja. Gyermekkorom óta szeretek olvasni, illetve rendszeresen látogatom a helyi könyvtárat. Később csatlakoztam könyvklubba is és a 160 órás szakmai gyakorlatomat is a helyi könyvtárban töltöttem. Saját megfigyeléseim alapján, hogy az emberek egyre kevesebbet olvasnak és kevésbé veszik igénybe a könyvtár nyújtotta szolgáltatásokat. Ezt alátámasztják kutatások is: „2020-ban a legalacsonyabb mind a rendszeresen, mind az alkalomszerűen olvasók aránya” (Bernát A., Hudácskó Sz., 2020, p. 5), „Az elmúlt évtizedben némi visszaesést figyelhetünk meg a beiratkozottak számában […]” (Ism., 2020). Mindezek ellenére ma is érvényes, hogy az olvasásnak továbbra is rengeteg jótékony hatása van és a mindennapjainkra. Éppen ezért a generációk olvasási szokásain túl szeretném ezeket a jótékony hatásokat is bemutatni szakdolgozatomban, ami esetleg hozzájárulhat ahhoz, hogy különböző társadalmi környezetben élő embereket is arra indítson, hogy több könyvet vegyenek a kezükbe. A könyvtárak szerepének fontosságára pedig külön szeretném felhívni a figyelmet. Mindig érdekem volt, hogy ha erről a szabadidős tevékenységemről beszéltem, akkor azt másokkal is meg tudjam osztani. Éppen ezért igyekeztem népszerűsíteni az aktuális olvasmányaimat és belevonni az embereket a könyvek és az olvasás világába. A szakdolgozatom célja feltárni az olvasók és nem olvasók motivációit, milyen könyvolvasási szokásokkal rendelkeznek és milyen szinten vesznek részt könyves eseményeken. Emellett a kisvárosi könyvtárak szerepének megismerése is céljaim közé sorolható, valamint hogy jelenleg a kultúraközvetítésben milyen szerepet játszanak a közkönyvtárak. | |
| 695 | |a könyv | ||
| 695 | |a könyvtár | ||
| 695 | |a olvasási szokás | ||
| 695 | |a olvasásszociológia | ||
| 695 | |a Z generáció | ||
| 700 | 1 | |a Szokács Dr. Kinga |e ths | |
| 856 | 4 | 0 | |u http://dolgozattar.uni-bge.hu/59550/1/T%C3%B3th_Emma_Szakdolgozat.pdf |z Dokumentum-elérés |
| 856 | 4 | 0 | |u http://dolgozattar.uni-bge.hu/59550/2/T%C3%B3th_Emma_KSZ_szok%C3%A1cs.kinga.pdf |z Dokumentum-elérés |
| 856 | 4 | 0 | |u http://dolgozattar.uni-bge.hu/59550/3/T%C3%B3th%20Emma_opponens_biralat_TE.pdf |z Dokumentum-elérés |